000 00826nam a2200181Ia 4500
008 100921s9999 xx 000 0 und d
082 _b36922
_a808.068 न 03
100 _aरोलिंग जे.के.अनु,शुक्ल विकास.
245 _aहॅरी पॉटर आणि गुपितांचे दालन.
260 _bपुष्प प्रकाशन,पुणे.
_c2003
300 _a296
_bजयेश एजन्सी,पुणे.
365 _b200
520 _aललित-बालवाङ्रमय.
630 _aहॅरी पॉटर आणि गुपितांचे दालन.
650 _aललित-बालवाङ्रमय.
730 _aहॅरी पॉटर आणि गुपितांचे दालन.
942 _cBOOK
999 _c786035
_d786032